00622 2200229 4500001002100000005001700021008004100038020002200079035002500101040001200126082001700138084001900155100002500174245005700199250001100256260003300267300002300300650002000323700001800343850001200361990001900373INLIS00000000001889220160329151052.0  a978-602-978-823-5 a0010-031600000000902 aYOPDYOG 223a899.2213 a899.2213 Bud K aBUDI SARDJONO, 1953- aKembang turic/ Budi Sardjono; editor, Elis Widayati aCet. 1 aYogyakartabDiva Pressc2011 a308 hlm.c; 20 cm. aFiksi Indonesia aElis Widayati aYOPDYOG a696-RBM/PD.A16